|
|
|
|
| LEADER |
01056nam a2200241 a 4500 |
| 001 |
GR-MES142 |
| 008 |
991111s gr 000 b ita d |
| 020 |
|
|
|a 8870192318
|
| 040 |
|
|
|a GrPaTEI
|b gre
|c GR-PaULI
|
| 245 |
0 |
0 |
|a Crustacea :
|b Copepoda: Calanoida (d'acqua dolce)
|n xxi.
|
| 260 |
|
|
|a Bologna :
|b Calderini,
|c c1984
|
| 300 |
|
|
|a x, 101σελ. :
|b σχημ.,εικ.
|
| 504 |
|
|
|a Βιβλιογραφία: σελ.89-95
|
| 650 |
|
0 |
|a Crustacea
|
| 650 |
|
0 |
|a Oστρακοειδή
|
| 700 |
1 |
|
|a Emilia, Stella
|
| 710 |
0 |
|
|a Calderini
|
| 710 |
2 |
|
|a Fauna d'Italia
|
| 942 |
|
|
|2 ddc
|
| 952 |
|
|
|0 0
|1 0
|2 ddc
|4 0
|6 595_340000000000000_ΕΜΙ
|7 0
|9 263416
|a MSLG
|b MSLG
|c BSC
|d 2021-01-17
|e 24
|f 0
|g 0.00
|l 0
|o 595.34 ΕΜΙ
|p 2420000000941
|r 2021-01-17 00:00:00
|t 1
|w 2021-01-17
|y BK15
|x 19991111 0 1
|x GrPaTEI
|
| 952 |
|
|
|0 0
|1 0
|2 ddc
|4 0
|6 595_340000000000000_ΕΜΙ
|7 0
|9 319884
|a MSLG
|b MSLG
|c BSC
|d 2021-01-23
|e 24
|f 0
|g 0.00
|l 0
|o 595.34 ΕΜΙ
|p 2420000001233
|r 2021-01-23 00:00:00
|t 1
|w 2021-01-23
|y BK15
|x 19991111 0 1
|x GrPaTEI
|
| 971 |
|
|
|a .b25711830
|b 15-04-20
|c 13-09-16
|
| 999 |
|
|
|c 151627
|d 151627
|